Nutnosť liberalizace obchodu ES-východní Evropa akceptována. Volný obchod znamená větší politickou stabilitu na Východě a méně uprchlíků na Západě.

Voľný obchod medzi Európskymi spoločenstvami a krajinami strednej a východnej Európy. Opatrenia smerujúce k hlbšej a rýchlejšej liberalizácii obchodu boli schválené na zasadaní ES v Luxembursku a podpísané na summite v Kodani. Výhrady niektorých krajín ES proti voľnému obchodu. Výhody ostraňovania o...

Descrizione completa

Salvato in:
Dettagli Bibliografici
Natura: Capitolo di libro
Lingua:ceco
Soggetti:
Tags: Aggiungi Tag
Nessun Tag, puoi essere il primo ad aggiungerne!!

MARC

LEADER 00000naa a2200000 4500
001 r013692
005 20221213083221.3
041 0 |a cze 
044 |a CZ 
245 1 0 |a Nutnosť liberalizace obchodu ES-východní Evropa akceptována.  |b Volný obchod znamená větší politickou stabilitu na Východě a méně uprchlíků na Západě. 
520 |a Voľný obchod medzi Európskymi spoločenstvami a krajinami strednej a východnej Európy. Opatrenia smerujúce k hlbšej a rýchlejšej liberalizácii obchodu boli schválené na zasadaní ES v Luxembursku a podpísané na summite v Kodani. Výhrady niektorých krajín ES proti voľnému obchodu. Výhody ostraňovania obchodných bariér. Potreba vyrovnania veľkého rozdielu v ekonomickej vyspelosti krajín západnej a východnej Európy. 
610 2 0 |a obchod voľný 
610 2 0 |a Európske spoločenstvá 
610 2 0 |a stredná Európa 
610 2 0 |a východná Európa 
610 2 0 |a liberalizácia 
610 2 0 |a bariéry obchodu zahraničného 
610 2 0 |a vyrovnávanie hospodárske